| 000 | 00477nam a2200169 4500 | ||
|---|---|---|---|
| 005 | 20260430120521.0 | ||
| 008 | 260430b |||||||| |||| 00| 0 eng d | ||
| 020 | _a9780133041941 | ||
| 082 |
_a418.0071 _bBRO-P |
||
| 100 | _aBrown H. Douglas | ||
| 245 |
_aPrinciples Of Language Learning And Teaching _bA Course In Second Language Acquisition |
||
| 250 |
_a6th Ed. _b06 |
||
| 260 |
_aUSA _bPearson Education Press |
||
| 300 | _a402p | ||
| 650 | _aEnglish | ||
| 942 | _cBK | ||
| 999 |
_c47455 _d47455 |
||